000 00752cam a2200277 4500
005 20260322212029.0
008 data
010 _a 72009126 //r882
020 _a0060121947
020 _a9780060121945
040 _aDLC
_cDLC
_dYUS
049 _aYUSC
050 0 _aLB1134
_b.J39 (LC)
090 _aLB 1134 J453 1973
100 1 _aJensen, Arthur Robert.
245 1 0 _aEducability and group differences/
_cArthur Robert Jensen.
250 _a[1st U.S. ed.]
260 _aNew York,
_bHarper & Row
_c[1973]
300 _aviii, 407 p.
_billus.
_c22 cm.
350 _a{dollar}10.00
504 _aBibliography: p. [376]-396.
650 0 _aIntelligence levels.
650 0 _aLearning ability.
650 0 _aStudents
_xSocial conditions.
001 data
999 _c661
_d661